Frontiers of quantitative economics. V 3A. (Record no. 28689)

MARC details
000 -LEADER
fixed length control field 00304nam a2200109Ia 4500
082 ## - DEWEY DECIMAL CLASSIFICATION NUMBER
Classification number 330.115
Item number INT.3A
245 #0 - TITLE STATEMENT
Title Frontiers of quantitative economics. V 3A.
260 ## - PUBLICATION, DISTRIBUTION, ETC. (IMPRINT)
Place of publication New York
Name of publisher North Holland
Year of publication 1977
700 ## - ADDED ENTRY--PERSONAL NAME
Personal name INTRILIGATOR, Michael D
942 ## - ADDED ENTRY ELEMENTS (KOHA)
Koha item type Books
Holdings
Withdrawn status Lost status Damaged status Not for loan Home library Current library Date acquired Full call number Accession Number Koha item type
        RRII Library RRII Library 16/12/2021 330.115 INT.3A 09284 Books